000 00395 a2200133 4500
000 nam a22 7a 4500
100 _aवानखेड़े
110 _aवानखेड़े
245 _aशारीरिक स्वास्थ्य एवं योग शिक्षा
250 _alatest edition
260 _bcambridge
_c2025
264 _bcambridge
_c2025
942 _cBK
999 _c396141
_d396141